000 01615nam0a2200325 4500
001 RU\NLR\bibl\103358
005 20250617084614.0
010 _a5-7873-0004-4
_9500
021 _aRU
_b2000-8443
_9425
035 _a(NLR Aleph) 000101108
090 _a570904
_c570904
100 _a20000814d2000 |||y0rusy50 ca
101 0 _arus
102 _aRU
105 _ay |||||||||
200 1 _aМедикаментозная профилактика и дополнительный способ лечения ишемической болезни сердца (или как можно положить в копилку государства миллионы рублей и при этом спасти жизнь нескольким тысячам больных)
_fБегичев Н.Н.
210 _aМ.
_cБ.и.
_d2000
215 _a67,[2] с.
_d20
300 _aВ вып. дан. авт.: врач Бегичев Н.Н.
517 0 _aКак можно положить в копилку государства миллионы рублей и при этом спасти жизнь нескольким тысячам больных)
606 0 _aИшемическая болезнь сердца
_xПрофилактика
_91245289
_3RU\NLR\auth\66509205
606 0 _aИшемическая болезнь сердца
_xТерапия
_92122090
_3RU\NLR\auth\661281298
686 _aР410.14
700 1 _aБегичев
_bН. Н.
_4070
801 0 _aRU
_bNLR
_c20000814
_gPSBO
801 1 _aRU
_bNLR
_c20000814
852 _aNLR
_j2000-4/3901
942 _cBOOK
980 _aNB